Introduction to Tribology
Na minha lista:
| Autor principal: | |
|---|---|
| Formato: | Livro |
| Idioma: | inglês |
| Publicado em: |
New York :
John Wiley,
2002
|
| Assuntos: | |
| Tags: |
Sem tags, seja o primeiro a adicionar uma tag!
|
MARC
| LEADER | 00000nam a22000003a 4500 | ||
|---|---|---|---|
| 001 | stu87906 | ||
| 005 | 20190206124019.5 | ||
| 008 | 040615s2002----xxu-----------------eng-d | ||
| 020 | |a 0-471-15893-3 | ||
| 040 | |a STU |b slo | ||
| 041 | 0 | |a eng | |
| 044 | |a xxu | ||
| 080 | |a 621.891 | ||
| 100 | 1 | |a Bhushan, Bharat |4 aut | |
| 245 | 1 | |a Introduction to Tribology | |
| 260 | |a New York : |b John Wiley, |c 2002 | ||
| 300 | |a 732 s | ||
| 650 | 7 | |a tribológia |2 stusub | |
| 996 | |b 284M057752 |c M*11434-1 |l MMKN |s A |a 24 |w stu87906_0001 | ||